| 000 | 01036nam a2200241 i 4500 | ||
|---|---|---|---|
| 001 | 162531 | ||
| 003 | ES-MaACL | ||
| 005 | 20230906212540.0 | ||
| 008 | 830913s1769 sp |||| | spa d | ||
| 040 |
_aCAT _bspa _cCAT _dCCPB |
||
| 080 | 4 | _a611.71Puig, Francisco | |
| 100 | 1 |
_aPrats, Luis. _993695 |
|
| 245 | 1 | 0 |
_aDifficultates proponit circa Osteologiam methodicam _b: quam ad usum Regiorum Chirurgiae Collegiorum in lucem edidit D.D. Franciscus Puig ... / _cLudovicus Prats ... |
| 260 |
_aBarc. : _bapud Franciscum Generas ..., _c1769. |
||
| 300 |
_a[6], 56, [2] p. ; _c4º (20 cm) |
||
| 510 | _aPalau 235.992 | ||
| 594 | _aEn port. la mención de resp. precede al tít. propio. | ||
| 597 | _aLa última p. en blanco. | ||
| 597 | _aNúmero de lín. y caja variables, notas a pie de p. y reclamos. | ||
| 597 | _aSign.: A-H4. | ||
| 600 | 0 | 4 |
_aPuig, Francisco. _994226 |
| 852 |
_aES-MaACL _jR-3430(7) . _z- Ex libris de Mateo Seoane _z-- Enc. pasta, falto de la cub. original _z-- Enc. en un vol. facticio _x-- Olim: T-629-F |
||
| 999 |
_c162531 _d162531 |
||